Catálogo
 En Linea
Vista normal Vista MARC

Entrada Nombre de reunión

Número de registros utilizados en: 1

001 - NÚMERO DE CONTROL

  • campo de control: 54203

003 - IDENTIFICADOR DEL NÚMERO DE CONTROL

  • campo de control: OSt

005 - FECHA Y HORA DE LA ÚLTIMA TRANSACCIÓN

  • campo de control: 20200615034601.0

008 - DATOS DE LONGITUD FIJA

  • campo de control de longitud fija: 200615|| aca||aabn | a|a d

040 ## - FUENTE DE LA CATALOGACIÓN

  • Centro catalogador/agencia de origen: OSt
  • Centro/agencia transcriptor: OSt

111 ## - ENCABEZAMIENTO--NOMBRE DE CONGRESO/REUNIÓN

  • Nombre de congreso/reunión o jurisdicción como elemento de entrada: Seminario modelos de sistemas de investigación agropecuaria y forestal en América Latina y el Caribe
  • Fecha del congreso/reunión: (1996:
  • Sede del congreso/Lugar de la reunión: Santo Domingo
  • Número del congreso/reunión o número de parte o sección: 18-19 junio )

670 ## - FUENTE DE DATOS ENCONTRADOS

  • Cita de la fuente: Work cat.: (OSt)26633: Seminario modelos de sistemas de investigación agropecuaria y forestal en América Latina y el Caribe (1996: Santo Domingo 18-19 junio ), Seminario modelos de sistemas de investigación agropecuaria y forestal en América Latina y el Caribe., [1996].

Con tecnología Koha